Water-soluble resins

Guardat en:
Dades bibliogràfiques
Autors principals: Davidson, Robert L (Autor), Sittig, Marshall (Autor)
Format: Llibre
Idioma:anglès
Publicat: Nueva York Van Nostrand Reinhold 1968
Edició:2a. ed
Matèries:
Etiquetes: Afegir etiqueta
Sense etiquetes, Sigues el primer a etiquetar aquest registre!

MARC

LEADER 00000nam a2200000 a 4500
001 UCX0578
003 CL-VaPUC
008 891114e19680000US |||||||||||||||||eng|d
082 0 4 |a 668.374  |b DAV  |2 21 
100 0 |a Davidson, Robert L  |e author  |9 315990 
700 0 |a Sittig, Marshall  |e author  |9 315991 
245 1 0 |a Water-soluble resins 
250 |a 2a. ed 
300 |a 232 p 
942 |c BK 
945 |d 19891114 00:00:00 
260 |a Nueva York  |b Van Nostrand Reinhold  |c 1968 
650 7 |a POLIMEROS SOLUBLES EN AGUA  |2 CL-VaPUC  |9 315992 
650 7 |a GOMAS Y RESINAS SINTETICAS  |2 CL-VaPUC  |9 264091 
583 |a last modification  |c 20160104 00:44:28  |k Rodrigo Vera 
999 |c 222133  |d 222131 
952 |0 0  |1 0  |4 0  |6 668_374000000000000_DAV_1968  |7 0  |8 A  |9 216418  |a BIBCUR  |b BIBCUR  |d 2019-11-15  |i 2850567  |o 668.374 DAV 1968  |p 2850567  |r 2025-04-22  |w 2019-11-15  |y BK  |k BCB